00590nam a22002177a 450000500170000001000110001702000100002803500110003803700160004904000120006508200160007710000240009324500450011724600060016226000410016827000500020930000200025949000250027965000410030465000270034520170124105952.0 a503677 c02.00 a503677 bCen Lib/Ret aDPLbEN a230.33bMAH aMahadevan, T. M. P. aSankaracharya /cby T. M. P. Mahadevan  b  bNational Book TrustaNew Delhic1968 aThe Secretary, National Book TrustbNew Delhi a119p.c18cm(Hb) aNational Book Series aPhilosophers -- India -- Biography.  aŚaṅkarācārya.